04904nam a2200661 a 450000100100000000500170001000800410002702000240006802000240009202000240011602000240014002000240016402000240018802000240021202000240023604000250026008200150028510000220030024501270032226000400044930000320048949000260052150503530054750001240090050000390102459000260106370000330108970000340112283000330115695201150118995201150130495201150141995201150153495201150164995201150176495201110187995201110199095201140210195201080221595201090232395201150243295201090254795201150265695201090277195201150288095201140299595201090310995201150321895201090333395201150344295201150355795201090367295201080378195201140388995201080400395201140411199900170422500004699820201002053256.0091117s2014 dr ac 000 0 spa d a9789945119138 (v.1) a9789945190175 (v.2) a9789945119176 (v.3) a9789945190373 (v.4) a9789945190397 (v.5) a9789945190380 (v.7) a9789945190373 (v.8) a9789945190472 (v.9) aDO-SdBNPbspacBNPHU axxxxbxxxx1 aSosa, Olga97488110aEntre amigos 4 :beducación inicial /cOlga Sosa ; dirección editorial Claudia Llibre ; ilustración Ruddy Núñez. aSanto Domingo :bSantillana,c2014. av. :bil., retrs. ;c28 cm.1 aProyecto Todos juntos0 av. 1 :tLibro de texto --gv. 2 . :tLibro de texto (script) --gv. 3 :tGuía didáctica para el profesorado. --gv. 4 :tPrimer trimestre (cursiva ) --gv. 5 :tSegundo trimestre (cursiva) --gv. 6 :tTercer trimestre (cursiva)--gv. 7 :tPrimer trimestre (script) --gv. 8 :tSegundo trimestre (script) --gv. 9 :tTercer trimestre (script) -- aEste libro ha sido realizado de conformidad con el currículum vigente y ha sido sometido a la aprobación del MINERD aEducación inicial /cuatro años aInventariado, 2019/VM1 aLlibre, Claudiaedir.9304621 aNúñez, Ruddy,eil.923171 0aProyecto Todos juntos930856 0010718PDaGRbGRcHDd2019-01-10iLF1l0ov. 4, e. 3p46998-100r2020-06-25w2020-06-25yLFPDZNo se presta 0010718PDaGRbGRcHDd2019-01-10iLF1l0ov. 5, e. 3p46998-150r2020-06-25w2020-06-25yLFPDZNo se presta 0010718PDaGRbGRcHDd2019-01-10iLF1l0ov. 6, e. 3p46998-180r2020-06-25w2020-06-25yLFPDZNo se presta 0010718PDaGRbGRcHDd2019-01-10iLF1l0ov. 7, e. 3p46998-190r2020-06-25w2020-06-25yLFPDZNo se presta 0010718PDaGRbGRcHDd2019-01-10iLF1l0ov. 8, e. 3p46998-240r2020-06-25w2020-06-25yLFPDZNo se presta 0010718PDaGRbGRcHDd2019-01-10iLF1l0ov. 9, e. 3p46998-250r2020-06-25w2020-06-25yLFPDZNo se presta 0010718PDaGRbGRcHDd2018-04-11iLF1l0ov. 1, 3p46998-30r2020-06-25w2020-06-25yLFPDZNo se presta 0010718PDaGRbGRcHDd2019-01-10iLF1l0ov. 2, 3p46998-60r2020-06-25w2020-06-25yLFPDZNo se presta 0010718PDaGRbGRcHDd2019-01-10iLF1l0ov. 3, e. 3p46998-90r2020-06-25w2020-06-25yLFPDZNo se presta 0010718PDaPDbPDcHDd2018-04-11iLF1l0ov. 1p46998-10r2020-06-25w2020-06-25yLFPDZNo se presta 0010718PDaPDbPDcHDd2019-01-10iLF1l0ov. 4p46998-110r2020-06-25w2020-06-25yLFPDZNo se presta 0010718PDaPDbPDcHDd2019-01-10iLF1l0ov. 4, e. 2p46998-120r2020-06-25w2020-06-25yLFPDZNo se presta 0010718PDaPDbPDcHDd2019-01-10iLF1l0ov. 5p46998-130r2020-06-25w2020-06-25yLFPDZNo se presta 0010718PDaPDbPDcHDd2019-01-10iLF1l0ov. 5, e. 2p46998-140r2020-06-25w2020-06-25yLFPDZNo se presta 0010718PDaPDbPDcHDd2019-01-10iLF1l0ov. 6p46998-160r2020-06-25w2020-06-25yLFPDZNo se presta 0010718PDaPDbPDcHDd2019-01-10iLF1l0ov. 6, e. 2p46998-170r2020-06-25w2020-06-25yLFPDZNo se presta 0010718PDaPDbPDcHDd2018-04-11iLF1l0ov. 1, e. 2p46998-20r2020-06-25w2020-06-25yLFPDZNo se presta 0010718PDaPDbPDcHDd2019-01-10iLF1l0ov. 7p46998-200r2020-06-25w2020-06-25yLFPDZNo se presta 0010718PDaPDbPDcHDd2019-01-10iLF1l0ov. 7, e. 2p46998-210r2020-06-25w2020-06-25yLFPDZNo se presta 0010718PDaPDbPDcHDd2019-01-10iLF1l0ov. 8p46998-220r2020-06-25w2020-06-25yLFPDZNo se presta 0010718PDaPDbPDcHDd2019-01-10iLF1l0ov. 8, e. 2p46998-230r2020-06-25w2020-06-25yLFPDZNo se presta 0010718PDaPDbPDcHDd2019-01-10iLF1l0ov. 9, e. 2p46998-260r2020-06-25w2020-06-25yLFPDZNo se presta 0010718PDaPDbPDcHDd2019-01-10iLF1l0ov. 9p46998-270r2020-06-25w2020-06-25yLFPDZNo se presta 0010718PDaPDbPDcHDd2019-01-10iLF1l0ov. 2p46998-40r2020-06-25w2020-06-25yLFPDZNo se presta 0010718PDaPDbPDcHDd2019-01-10iLF1l0ov. 2, e. 2p46998-50r2020-06-25w2020-06-25yLFPDZNo se presta 0010718PDaPDbPDcHDd2019-01-10iLF1l0ov. 3p46998-70r2020-06-25w2020-06-25yLFPDZNo se presta 0010718PDaPDbPDcHDd2019-01-10iLF1l0ov. 3, e. 2p46998-80r2020-06-25w2020-06-25yLFPDZNo se presta c46486d46486